000 01674cam a22004337a 4500
003 CHAP
005 20220329133136.0
008 971013s1981 r 00010 d
010 _a2639
011 _a3611
035 _a2812
040 _cCHAP
082 0 0 _a580
_bSo13
110 0 _aSociedad Botánica de México
_9108049
245 1 0 _aGuías botánicas de excursiones en México :
_bSierra de Pachuca. Parque Nacional Zoquiapan
_c/ por Sociedad Bótanica de México
260 _aMéxico, D. F. :
_bSociedad Botánica de México,
_c1981
300 _a61 p.
_b: ilus.
500 _aGuía botánico - ecológica del Parque Nacional de Zoquiapan
500 _aGuía botánico - forestal de la parte alta de la Sierra de Puebla
590 _aBATCH-UPD
_b10
_c20130110
_lUCH01
_h0302
590 _aBATCH-UPD
_b10
_c20130110
_lUCH01
_h1727
590 _aBATCH-UPD
_b10
_c20130409
_lUCH01
_h2333
590 _aBATCH-UPD
_b10
_c20130410
_lUCH01
_h1548
590 _aBATCH-UPD
_b10
_c20130914
_lUCH01
_h0705
590 _aCONVERSION
_b10
_c20130109
_lUCH01
_h1303
650 1 4 _aBosques
_zHidalgo.
_914415
650 1 4 _aBotánica
_xHidalgo.
_914551
650 1 4 _aEcología forestal.
_935176
650 1 4 _aParque Nacional Zoquiapan, Méx.
_985690
700 0 _aBúrquez, Alberto.
_914789
700 0 _aFranco, Miguel.
_942995
700 0 _aMedina, José Miguel.
_974058
700 0 _aRzedowski Rotter, Jerzy.
_9101052
901 _aBK
942 _cLIBRO
949 _a580 So13
_bBC
_cLIBRO
_d33724000501714
_eLIBRO
_h79873
_i2812
_mD
_si
949 _a580 So13
_bBC
_cLIBRO
_d33724000641072
_eLIBRO
_fc.3
_i2812
_si
949 _a580 So13
_bBC
_cLIBRO
_d33724002175405
_eLIBRO
_fc.2
_h112697
_i2812
_si
999 _c2639
_d2639